00586 a2200169 4500010001400000020002300014035001300037037001500050082001000065100001900075245007300094260004400167260005000211270008200261270005100343300002200394 aENG-86504 a8125919090c250.00 aEN-70037 bDBAD / PUB14a005.11 aKhurana, Rohit1 aSoftware engineering :bprinciples and practices /cby Rohit Khurana aNew DelhibVikas Publishing Housec2007 aNew DelhibUBS Publishers' Distributorsc2007 a576, Masjid Road, Jangpura,bNew Delhie110 014mhelpline@vikaspublishing.com a5, Ansari Road, Darya GanjbNew Delhie110 002 a523p.c24cm (pbk)